Financial institutions and markets

Đã lưu trong:
书目详细资料
主要作者: Polakoff, Murray E.
格式: 图书
语言:Undetermined
出版: New York Houghton Mifflin 1970
主题:
标签: 添加标签
没有标签, 成为第一个标记此记录!
Thư viện lưu trữ: Trung tâm Học liệu Trường Đại học Cần Thơ
LEADER 00523nam a2200193Ia 4500
001 CTU_99533
008 210402s9999 xx 000 0 und d
082 |a 332.1 
082 |b P762 
100 |a Polakoff, Murray E. 
245 0 |a Financial institutions and markets 
245 0 |c Murray E. Polakoff 
260 |a New York 
260 |b Houghton Mifflin 
260 |c 1970 
650 |a Financial institutions 
650 |z United states 
904 |i Tuyến 
980 |a Trung tâm Học liệu Trường Đại học Cần Thơ